Polt̕icas de proteccin̤ ambiental en el siglo XXI medidas tributarias, contaminacin̤ ambiental y empresa

Bibliographic Details
Format: eBook
Language:Spanish
Published: Barcelona : J.M. Bosch Editor, 2013
Subjects:
Online Access:http://www.vlex.com/source/11240

MARC

LEADER 00000nam a22000007a 4500
005 20130610143420.0
007 cr|||| ||||
008 130610e2013 sp |||||s|||| 00||0 spa d
020 |a 978-84-940933-5-7 
035 |a 11240 
040 |a vLex Libros (Servicio en ln̕ea) 
090 |c 4290  |d 4290 
245 0 0 |a Polt̕icas de proteccin̤ ambiental en el siglo XXI  |b medidas tributarias, contaminacin̤ ambiental y empresa  |h [Recurso electrn̤ico]  
256 |a Servicio en ln̕ea 
260 |a Barcelona :  |b J.M. Bosch Editor,   |c 2013 
300 |a 1 Recurso electrn̤ico 
506 |d vLex Global  |d vLex Global (Academic Edition, excluding Law Schools)  |d vLex Global (U.S. Academic Edition, Law Schools)  |d vLex Global (U.S. Academic Edition, excluding Law Schools)  |d vLex Global (Academic Edition, Law Schools) 
650 4 |a Derecho del medio ambiente 
650 4 |a Derecho tributario 
740 |a vLex Libros (Servicio en ln̕ea) 
856 |a Acceso restringido  |u http://www.vlex.com/source/11240 
942 |c BOOK 
999 0 |a Environmental law